Devine le joueur de foot par sa carrière - Statistiques

Statistiques générales
  • Ce quiz a été pris 110 fois
  • Le résultat moyen est 5 sur 20
Statistiques - réponses
Hint Réponse % Correct
Bayern Munich - Borussia Dortmund (prêt) - Borussia Dortmund - Bayern Munich - Borussia Dortmund - AS Rome Mats Hummels
70%
Borussia Dortmund - Chelsea - Milan AC Christian Pulisic
64%
Monaco - Atletico Madrid - Dalian Yifang - Atletico Madrid (prêt) - Atletico Madrid - Al-Shabab Yannick Ferreira Carrasco
56%
Esbjerg - Toulouse - Middlesbrough - Bordeaux (prêt) - Leganes (prêt) - Leganes - FC Barcelone - Espanyol Barcelone - Porto Alegre Martin Braithwaite
50%
SU Sintrense - Benfica - Fatima (prêt) - FC Barcelone - Wolverhampton Nelson Semedo
35%
Caen - Troyes - Monaco - PSG - Rangers (prêt) - Ankaragûcû (prêt) - Bastia - Caen Jerôme Rothen
34%
Vasco de Gama - PSV Eindhoven - FC Barcelone - Flamengo - Valence - Flamengo (prêt) - Valence - Flamengo - Vasco de Gama - Fluminense - Al Sadd - Vasco de Gama - Miami - Adelaîde - Vasco de Gama - America Romario
31%
Caen - Bordeaux - Newcastle - Gôztepe - FC Ararat Armenia Yoan Gouffran
31%
Bahia - Benfica - Besiktas (prêt) - Guangzhou Evergrande (prêt) - Guangzhou Evergrande - Al Nassr Anderson Talisca
23%
Juventus - Sienne (prêt) - Genoa (prêt) - Parme (prêt) - Marseille (prêt) - Servette - Miami Beach Paolo de Ceglie
20%
Manchester United - UC Sampdoria (prêt) - Queens Park Rangers (prêt) - VfB Stuttgart (prêt) - Doncaster Rovers (prêt) - Birmingham City (prêt) - Cardiff City - Nottingham Forest (prêt) - Novare Calcio - Panathinaïkos - MKE Ankaragücü - APOEL Nicosie (prêt) - PAE Asteras Tripolis Federico Macheda
18%
Fortuna Sittard - PSV Eindhoven - FC Barcelone - Bayern Munich - AC Milan - PSV Eindhoven Mark Van Bommel
17%
Leeds United - Liverpool - Galatasaray - Melbourne Victory - Al-Gharafa - Melbourne Heart Harry Kewell
9%
Danubio - Nacional - Inter Milan - Venezia (prêt) - Torino (prêt) - Panionios - Danubio - Nacional Alvaro Recoba
8%
Southampton - Arsenal - Middlesbrough (prêt) - Fulham (prêt) - Aston Villa - Cardiff Calum Chambers
7%
Celtic - Spartak Moscou - Everton - Sheffield Wednesday (prêt) - Preston North End (prêt) - Sunderland - Charlon Athletic (Prêt) - Hibernian - Ayr United Aiden McGeady
6%
Courtrai - Mouscron - Standard de Liège - Schakle 04 - Standard de Liège - Hambourg - Al-Rayyan - Manchester City - Plymouth Arygle - FC Sion - Neftchi Bakou - Eendracht Alost Emile Mpenza
3%
Le Havre - Saint-Etienne (prêt) - Espanyol Barcelone - Malaga - Fenerbahce - AS Arta/Solar 7 - UE Santa Coloma - Antequera CF Carlos Idriss Kameni
2%
Dynamo Dresde - Munich 1860 - Bayern Munich Jens Jeremies
2%
Fribourg - Wolfsburg - Schalke 04 - Augsbourg - FC 08 Villingen Daniel Caligiuri
1%
Aucun quiz correspondant
Distribution des résultats
% des personnes avec chaque résultat
Percentile par nombre de réponses
Votre historique - résultats
Vous n’avez pas pris ce quiz